000 00452nam a22001697a 4500
005 20240402161849.0
008 240402b |||||||| |||| 00| 0 eng d
020 _a9781543347647
041 _aeng
082 _a610.7343
245 _aA Textbook of Community Health Nursing -I
_bFor BSc (N) V-semester-Part-A
300 _a544 p
365 _aRs
_b1599
_cRs
651 _aCommunity Health Nursing
700 _akumari Neelam
_9180258
942 _cDB
999 _c357677
_d357677